Learning Resource and Development

Calculus and analytic geometry (Record no. 18821)

MARC details
000 -LEADER
fixed length control field 00934nam a2200277 4500
001 - CONTROL NUMBER
control field calculusanalytic00ridd
003 - CONTROL NUMBER IDENTIFIER
control field CaSfIA
005 - DATE AND TIME OF LATEST TRANSACTION
control field 20230525154829.0
007 - PHYSICAL DESCRIPTION FIXED FIELD--GENERAL INFORMATION
fixed length control field cr||||
008 - FIXED-LENGTH DATA ELEMENTS--GENERAL INFORMATION
fixed length control field 740129s1974 caua 001 0 eng
035 ## - SYSTEM CONTROL NUMBER
-- (DLC) 73083716
010 ## - LIBRARY OF CONGRESS CONTROL NUMBER
LC control number 73083716
020 ## - INTERNATIONAL STANDARD BOOK NUMBER
International Standard Book Number 053400301X
040 ## - CATALOGING SOURCE
Original cataloging agency DLC
Transcribing agency DLC
Modifying agency DLC
-- CaSfIA
050 00 - LIBRARY OF CONGRESS CALL NUMBER
Classification number QA303
Item number .R53 1974
082 00 - DEWEY DECIMAL CLASSIFICATION NUMBER
Classification number 515/.15
100 1# - MAIN ENTRY--PERSONAL NAME
Personal name Riddle, Douglas F.
245 10 - TITLE STATEMENT
Title Calculus and analytic geometry
Medium [electronic resource]
Statement of responsibility, etc. [by] Douglas F. Riddle.
250 ## - EDITION STATEMENT
Edition statement 2d ed.
260 ## - PUBLICATION, DISTRIBUTION, ETC.
Place of publication, distribution, etc. Belmont, Calif.,
Name of publisher, distributor, etc. Wadsworth Pub. Co.
Date of publication, distribution, etc. [1974]
300 ## - PHYSICAL DESCRIPTION
Extent vi, 848 p.
Other physical details illus.
Dimensions 27 cm.
650 #0 - SUBJECT ADDED ENTRY--TOPICAL TERM
Topical term or geographic name entry element Calculus.
650 #0 - SUBJECT ADDED ENTRY--TOPICAL TERM
Topical term or geographic name entry element Geometry, Analytic.
856 41 - ELECTRONIC LOCATION AND ACCESS
Uniform Resource Identifier <a href="http://www.archive.org/details/calculusanalytic00ridd">http://www.archive.org/details/calculusanalytic00ridd</a>
Public note Free eBook from the Internet Archive
856 42 - ELECTRONIC LOCATION AND ACCESS
Uniform Resource Identifier <a href="http://www.openlibrary.org/books/OL5435576M">http://www.openlibrary.org/books/OL5435576M</a>
Public note Additional information and access via Open Library
Holdings
Withdrawn status Lost status Damaged status Not for loan Collection Home library Current library Date acquired Total Checkouts Full call number Date last seen Price effective from Koha item type
        Project Gutenberg Main Library Main Library 05/25/2023   QA303 .R53 1974 05/25/2023 05/25/2023 EBooks